Tratado de la culpabilidad y de la culpa penal con especial referencia a los delitos de imprudencia / (Record no. 95325)

MARC details
000 -LEADER
campo de control de longitud fija 00804nam a2200217 i 4500
001 - NÚMERO DE CONTROL
campo de control 95325
003 - IDENTIFICADOR DE NÚMERO DE CONTROL
campo de control ES-MaACL
005 - FECHA Y HORA DE LA ÚLTIMA TRANSACCIÓN
campo de control 20230906181700.0
007 - CAMPO FIJO DE DESCRIPCIÓN FÍSICA--INFORMACIÓN GENERAL
campo de control de longitud fija t|
008 - DATOS DE LONGITUD FIJA--INFORMACIÓN GENERAL
campo de control de longitud fija 050526s1960 sp |||| | spa d
100 1# - ENTRADA PRINCIPAL--NOMBRE DE PERSONA
Nombre de persona Luzón Domingo, Manuel.
9 (RLIN) 74912
245 10 - MENCIÓN DEL TÍTULO
Título Tratado de la culpabilidad y de la culpa penal con especial referencia a los delitos de imprudencia /
Mención de responsabilidad, etc. Manuel Luzón Domingo ; prólogo del Excmo. Sr. Don Ildefonso Alamillo Salgado.
260 ## - PUBLICACIÓN, DISTRIBUCIÓN, ETC.
Lugar de publicación, distribución, etc. Barcelona :
Nombre del editor, distribuidor, etc. Hispano-Europa,
Fecha de publicación, distribución, etc. 1960.
300 ## - DESCRIPCIÓN FÍSICA
Extensión 2 v. ;
Dimensiones 24 cm.
490 1# - MENCIÓN DE SERIE
Mención de serie Colección de obras de derecho positivo
650 04 - PUNTO DE ACCESO ADICIONAL DE MATERIA--TÉRMINO DE MATERIA
Término de materia o nombre geográfico como elemento de entrada Culpa jurídica.
9 (RLIN) 11512
700 1# - ENTRADA AGREGADA--NOMBRE PERSONAL
Nombre de persona Alamillo Salgado, Ildefonso.
9 (RLIN) 19101
830 0# - PUNTO DE ACCESO ADICIONAL DE SERIE-TÍTULO UNIFORME
Título uniforme Colección de obras de derecho positivo
9 (RLIN) 184359
852 ## - LOCALIZACIÓN
Ubicación ES-MaACL
Número de control de estantería C-18671-72
Holdings
Estatus retirado Estado de pérdida Estado de daño No para préstamo Biblioteca de origen Biblioteca actual Ubicación en estantería Fecha de adquisición Fuente de adquisición Total de préstamos Signatura topográfica completa Código de barras Visto por última vez Precio de reemplazo Tipo de ítem Koha
        Biblioteca del Ateneo de Madrid Biblioteca del Ateneo de Madrid Mesetón 17/01/2008     C-18671-72 1099539 23/02/2023 23/02/2023 Libro impreso